[Event "IECG CN.2001.0.00244"]
[Site "IECG email"]
[Date "2001.04.23"]
[Round "?"]
[White "Covington, Michael"]
[Black "McMichael, Andrew"]
[Result "1-0"]
[WhiteElo "800"]
[BlackElo "651"]
[PlyCount "61"]
[EventDate "2001.04.23"]
[EventType "tourn (corr)"]
[EventRounds "6"]
[SourceTitle "Corr 2008"]
[Source "ChessBase"]
[SourceDate "2008.06.24"]
[SourceVersion "1"]
[SourceVersionDate "2008.06.24"]
[SourceQuality "1"]

1. e4 e5 2. Nf3 d6 3. d4 f5 4. dxe5 fxe4 5. Ng5 d5 6. e6 Nh6 7. Nc3 Be7 8. Bb5+ c6 9. Nxd5 Bxg5 10. Bxg5 Qxg5 11. Nc7+ Ke7 12. 0-0 cxb5 13. Nxa8 Qe5 14. Re1 Bxe6 15. f3 Qc5+ 16. Kh1 Nd7 17. Rxe4 Rxa8 18. Qd2 Rd8 19. Rae1 Nf8 20. Qe2 Qd5 21. b3 a6 22. c4 Qd2 23. Rxe6+ Nxe6 24. Qxe6+ Kf8 25. cxb5 axb5 26. Qe7+ Kg8 27. Qe6+ Kh8 28. a4 bxa4 29. bxa4 Qd7 30. Qb3 Qd1 31. Qxd1 1-0

[Event "IECG CP.2000.P.00037"]
[Site "IECG email"]
[Date "2000.10.01"]
[Round "?"]
[White "McMichael, Andrew"]
[Black "Krzyzanowski, Patryk"]
[Result "0-1"]
[WhiteElo "800"]
[BlackElo "2000"]
[PlyCount "46"]
[EventDate "2000.10.01"]
[EventType "tourn (corr)"]
[EventRounds "6"]
[EventCountry "ITA"]
[SourceTitle "Corr 2008"]
[Source "ChessBase"]
[SourceDate "2008.06.24"]
[SourceVersion "1"]
[SourceVersionDate "2008.06.24"]
[SourceQuality "1"]

1. e3 g6 2. g3 Bg7 3. Bg2 d5 4. d4 Nf6 5. Nc3 0-0 6. Nge2 c6 7. 0-0 Re8 8. b4 Nbd7 9. Bd2 Nb6 10. h3 Nc4 11. a4 a5 12. b5 cxb5 13. Nxb5 Bd7 14. Nbc3 Qc8 15. Nxd5 Nxd5 16. Bxd5 Bxh3 17. Re1 Rd8 18. Bxc4 Qxc4 19. Nf4 Bf5 20. g4 Bxc2 21. Qe2 Qxe2 22. Rxe2 Be4 23. Rb1 Bxb1 0-1

[Event "IECG CN.2000.0.00209"]
[Site "IECG email"]
[Date "2000.08.20"]
[Round "?"]
[White "Schulz, Jens Uwe"]
[Black "McMichael, Andrew"]
[Result "1-0"]
[WhiteElo "800"]
[BlackElo "800"]
[PlyCount "43"]
[EventDate "2000.08.20"]
[EventType "tourn (corr)"]
[EventRounds "6"]
[SourceTitle "Corr 2008"]
[Source "ChessBase"]
[SourceDate "2008.06.24"]
[SourceVersion "1"]
[SourceVersionDate "2008.06.24"]
[SourceQuality "1"]

1. e4 g6 2. d4 Bg7 3. c4 d6 4. Nc3 e5 5. Nf3 exd4 6. Nxd4 Qh4 7. Nd5 Qxe4+ 8. Be2 Na6 9. Nb5 Kd8 10. Ndxc7 Nxc7 11. Qxd6+ Bd7 12. Qxc7+ Ke7 13. Bg5+ f6 14. 0-0-0 Qc6 15. Rhe1 Qxc7 16. Nxc7 Kd8 17. Bg4 Kxc7 18. Rxd7+ Kc6 19. Red1 fxg5 20. Bf3+ Kc5 21. R1d5+ Kc6 22. b4 1-0

[Event "IECG CN.2000.0.00200"]
[Site "IECG email"]
[Date "2000.07.03"]
[Round "?"]
[White "Mbongo, Bhekizizwe"]
[Black "McMichael, Andrew"]
[Result "0-1"]
[WhiteElo "800"]
[BlackElo "800"]
[PlyCount "40"]
[EventDate "2000.07.03"]
[EventType "tourn (corr)"]
[EventRounds "6"]
[SourceTitle "Corr 2008"]
[Source "ChessBase"]
[SourceDate "2008.06.24"]
[SourceVersion "1"]
[SourceVersionDate "2008.06.24"]
[SourceQuality "1"]

1. e4 e5 2. Nf3 d6 3. d4 Nd7 4. dxe5 dxe5 5. Bc4 h6 6. Nc3 Ngf6 7. 0-0 Bb4 8. a3 Bxc3 9. bxc3 Nxe4 10. Qd5 Nd6 11. Bb3 Qf6 12. Re1 e4 13. Nd2 Qxc3 14. Bb2 Qxb2 15. Rxe4+ Nxe4 16. Qxf7+ Kd8 17. Re1 Rf8 18. Qh5 Nxd2 19. Qh4+ Qf6 20. Qa4 Qxf2+ 0-1